[Event "Barbera del Valles op 42nd"]
[Site "Barbera del Valles"]
[Date "2019.07.12"]
[Round "9"]
[White "Deng, Yu Dong Michael"]
[Black "Fernandez Aguilar, Francisco"]
[Result "1/2-1/2"]
[WhiteElo "1900"]
[BlackElo "2117"]
[PlyCount "62"]
[EventDate "2019.07.04"]
[EventType "swiss"]
[EventRounds "9"]
[EventCountry "ESP"]
[SourceTitle "EXT 2020"]
[Source "ChessBase"]
[SourceDate "2019.10.17"]
[SourceVersion "1"]
[SourceVersionDate "2019.10.17"]
[SourceQuality "1"]

1. d4 d5 2. c4 c6 3. Nf3 Nf6 4. Nc3 e6 5. Bg5 dxc4 6. e4 b5 7. e5 h6 8. Bh4 g5 9. Nxg5 hxg5 10. Bxg5 Nbd7 11. exf6 Bb7 12. g3 c5 13. d5 Bh6 14. Bxh6 Rxh6 15. Bg2 b4 16. Qd2 bxc3 17. Qxh6 cxb2 18. Rd1 Qxf6 19. Qe3 c3 20. Be4 exd5 21. Bxd5+ Qe5 22. Bxb7 Qxe3+ 23. fxe3 c2 24. Kd2 cxd1Q+ 25. Rxd1 Rb8 26. Be4 Ne5 27. Kc3 Ng4 28. Rb1 Nxh2 29. Rh1 Ke7 30. Rxh2 b1Q 31. Bxb1 Rxb1 1/2-1/2

[Event "Barbera del Valles op 42nd"]
[Site "Barbera del Valles"]
[Date "2019.07.06"]
[Round "3"]
[White "Fathima, Abdeen"]
[Black "Fernandez Aguilar, Francisco"]
[Result "0-1"]
[WhiteElo "1652"]
[BlackElo "2117"]
[PlyCount "52"]
[EventDate "2019.07.04"]
[EventType "swiss"]
[EventRounds "9"]
[EventCountry "ESP"]
[SourceTitle "CBM 191 Extra"]
[Source "ChessBase"]
[SourceDate "2019.09.30"]
[SourceVersion "1"]
[SourceVersionDate "2019.09.30"]
[SourceQuality "1"]

1. e4 e5 2. Nf3 Nc6 3. d4 exd4 4. Bc4 Nf6 5. 0-0 Nxe4 6. Re1 d5 7. Bxd5 Qxd5 8. Nc3 Qh5 9. Nxe4 Be6 10. Bg5 Bd6 11. Bf6 Bxh2+ 12. Nxh2 Qxd1 13. Raxd1 gxf6 14. Nxf6+ Ke7 15. Nd5+ Kd6 16. Nc3 Rad8 17. Nb5+ Kc5 18. Na3 Bxa2 19. b3 d3 20. Ra1 Nb4 21. c3 Nc2 22. b4+ Kb6 23. Nxc2 dxc2 24. Nf3 Bb1 25. Nd4 Rxd4 26. cxd4 Rd8 0-1